000 00674nam a2200241Ia 4500
003 OSt
005 20220918211910.0
006 a|||||r|||| 00| 0
007 ta
008 220917b |||||||| |||| 00| 0 eng d
024 _a126,167
037 _cTextual
040 _aARTS
_cARTS
_beng
041 _2eng
_aeng
082 _aW:(R), G7
100 _aIlyas Ahmad
_9119386
245 0 _aFirst principles of politics
_b being a course of lectures on political philosophy
260 _aAllahabad
_bIndian Press
_c1937
300 _avii,392p.
_ccm.
650 _aPOLITICAL SCIENCE
942 _hW:(R), G7
_cTEXL
_2CC
999 _c249312
_d249312